[Event "Candidates Tournament"]
[Site "London"]
[Date "2013.03.15"]
[Round "1"]
[White "Aronian, Levon"]
[Black "Carlsen, Magnus"]
[Result "1/2-1/2"]
[WhiteElo "2809"]
[BlackElo "2872"]
[Annotator "Marin,M"]
[PlyCount "61"]
[EventDate "2013.03.15"]
[EventType "tourn"]
[EventRounds "14"]
[EventCountry "ENG"]
[EventCategory "22"]
[SourceTitle "CBM 154"]
[Source "ChessBase"]
[SourceDate "2013.05.15"]
[SourceVersion "1"]
[SourceVersionDate "2013.05.15"]
[SourceQuality "1"]

1. d4 Nf6 2. c4 e6 3. Nf3 Bb4+ 4. Bd2 Bxd2+ 5. Qxd2 d5 {This apparently
simplistic way of playing used to be a specialty of Ulf Andersson, a
completely different kind of player from Carlsen.} 6. Nc3 ({The typical way of
meeting any Bogo-Indian setup is based on the kingside fianchetto; Carlsen had
some recent experience against it, though.} 6. g3 O-O 7. Bg2 Nbd7 8. O-O c6 9.
Rc1 b6 10. cxd5 (10. b4 {Topalov,V (2803)-Carlsen,M (2826)/Nanjing 2010/CBM
139/[Edouard,R] (0-1, 33)}) 10... cxd5 11. Nc3 (11. Na3 {Kramnik,V (2784)
-Carlsen,M (2814)/Wijk aan Zee 2011/CBM 141/[Moradiabadi/Karsten Mueller] (0-1,
85)}) 11... Ba6 {Wang Yue (2732)-Carlsen,M (2826)/Nanjing 2010/CBM 139/
[Edouard,R] (1/2, 28)}) 6... O-O 7. e3 {Before moving forward, I find it
useful to relate the position to some refefrence points from well settled
theory. In the Orthodox lines of the Queen's Gambit, Black frequently aims to
exchange the dark-squared bishops, in order to get some space for the queen
and release the pressure against the f6-knight. Two classical ways of
achieving that are the Capablanca System (...dxc4 followed by ...Nd5) and he
Lasker System (...Ne4).. From this point of view, I find some positive aspects
in the Bogo setup: Black exchanges the bishops without the need to give up the
tension in the centre with ...dxc4 or moving for the second time with an
already developed knight.} Qe7 {The perfect square for the queen in many
Bogo-Indian lines.} 8. Rc1 Rd8 {This way of putting pressure on the white
centre is reminsicent to some extent of one of the plans in the Lasker System.}
9. Qc2 ({Deviating from an earlier Carlsen game:} 9. cxd5 exd5 10. Bd3 Nc6 {
An useful preparation for ...Ne4.} (10... Ne4 11. Qc2 $14) 11. Bb5 (11. O-O Ne4
12. Qe2 Bg4) (11. a3 {is too slow: after having taken the e5-square under
control, Black can develop his initiative with} Bg4) 11... Rd6 {Somewhat
similar to one of the Lasker System variations, successfully used by Yusupov
during his candidates match against Karpov, ages ago.} 12. Bxc6 Rxc6 13. Ne5
Re6 14. f3 b6 15. O-O Bb7 16. Rfe1 h6 17. Ne2 c5 18. Nf4 Rd6 19. dxc5 bxc5 20.
Ned3 c4 21. Nb4 Rad8 22. Nc2 Nd7 23. Nd4 Ne5 $132 {Bacrot,E (2713)-Carlsen,M 
(2837)/Biel 2012/CBM 150 (1/2, 56)}) 9... a6 $5 {Resorting to a basic idea
from other Queen's Gambit setups than those mentioned above. Black prepares
the queenside expansion with ...b5 and ...c5, waiting with ...dxc4 until White
has spent a tempo on developing his bishop.} (9... Nbd7 10. cxd5 exd5 11. Bd3
Nf8 12. O-O {The position is typical for the Karlsbad/Exchange Variation of
the Queen's Gambit. The previous exchange of the bishops ensures Black some
freedom of action for his major pieces. It is interesting to follow the
harmonious regrouping of two great modern/classic players of completely
different style.} Ng6 (12... c6 13. a3 Ng6 14. h3 Rd6 15. Rfe1 Bd7 16. Nd2 Re8
$11 {Van der Sterren,P (2470)-Andersson,U (2605)/Wijk aan Zee 1988/CBM 005 
(0-1, 40)}) 13. Ne2 c6 14. Ng3 Re8 15. Qc5 Qd8 16. Nd2 Nh4 17. b4 a6 18. a4 Bd7
19. Rb1 Ng4 20. Qc2 g6 21. b5 axb5 22. axb5 h5 23. bxc6 bxc6 24. Rfe1 Qf6 {
One can feel the kingside pressure already.} 25. Ndf1 {Ironically, this knight
does not only fail to defend the king, but it also takes away an important
square from the king and bishop.} (25. Nb3 Nxg2 $1 26. Kxg2 h4 27. Nc5 Bc8 {
Retreating with the knight leads to disaster after ...h3!+, but} 28. Qe2 Kg7 {
/\...Rh8 does not spare White problems, either. Once again, stepping back is
bad:} 29. Nf1 h3+ 30. Kg1 Ra2 $1 31. Nd2 Qd6 $19) 25... Ra3 26. Re2 c5 $1 {
Excellent! White cannot defend both wings properly.} 27. dxc5 Ne5 28. Bb5 $2
Qf3 $3 {0-1 Andruet,G (2450)-Spassky,B (2565)/Germany 1988/GER-chT} 29. gxf3
Nexf3+ 30. Kh1 Bh3 $1 {/\...Bg2# What a shock! The f1-knight is Black's best
friend. One move earlier, it prevented Kf1, now it does not allow the defence
Bf1.}) ({In practice, White has failed to prove anything convincing after the
simplistic} 9... dxc4 10. Bxc4 c5 {, but the general feeling is that Black has
not equalised completely at this stage.} 11. O-O Nc6 (11... cxd4 12. Nxd4 Bd7
13. Rfd1 Nc6 14. Bb5 Rac8 15. Nxc6 Bxc6 16. Bxc6 Rxc6 17. Rxd8+ Qxd8 18. Rd1 {
1/2 Andersson,U (2640)-Spassky,B (2605)/Tilburg 1983/MCD} Qb8 19. Qd3 Rc8 20.
h3 {1/2 Chernin,A (2565)-Spassky,B (2620)/Reggio Emilia 1986/CBM 004}) (11...
Nbd7 12. Rfd1 cxd4 13. Rxd4 Nb6 14. Rxd8+ Qxd8 15. Bb5 Bd7 $11 {Akobian,V 
(2622)-Ghaem Maghami,E (2572)/Al Ain 2012/CBM 152 (1/2, 30)}) 12. dxc5 Qxc5 13.
Ne4 Qe7 14. a3 Bd7 15. Bd3 (15. Rfd1 Be8 {1/2 Vaganian,R (2630)-Karpov,A (2700)
/London 1984/MCL}) 15... h6 16. b4 Rac8 {Nikolic,P (2540)-Andersson,U (2640)/
Niksic 1983/MCD (0-1, 39)}) 10. a3 (10. cxd5 exd5 11. Bd3 {can again be met
with} Nc6 $5 12. Be2 Bg4 (12... g6 $5) 13. O-O Ne4 14. h3 Bh5 15. Ne5 Nb4 16.
Qd1 Bxe2 17. Qxe2 f6 18. Nf3 Rd7 19. a3 Nc6 20. b4 Nxc3 21. Rxc3 Na7 22. Rc5
Nc8 23. Rfc1 c6 24. a4 Nd6 {Akobian,V (2621)-Krush,I (2461)/Philadelphia 2012/
CBM 147 Extra (1/2, 44). After the knight has reached d6, only Black can be
better. Compare with the famous Portisch-Kasparov Skelleftea 1989 and
Bobotsov-Petrosian Lugano (ol) 1968 games.}) 10... Nbd7 11. Be2 $6 $146 {
This does not make any effort to cross Black's plans.} (11. h3 {is only a
little bit better, because h2-h3 does not change anything essentially.} dxc4
12. Bxc4 c5 13. O-O b5 14. Ba2 (14. Be2 {would almost transpose to the main
game.}) 14... Bb7 15. Qe2 cxd4 16. exd4 Nb6 $11 {Mukhaev,A (2315)-Kholmov,R 
(2465)/Moscow 1997/EXT 2000 (1/2, 50)}) ({Probably this is a good moment to
exchange on d5, since the insertion of ...a6 and a3 may favour White
strategically.} 11. cxd5 exd5 12. Na4 $5 (12. Bd3 c5 13. dxc5 Nxc5 14. O-O Bg4
15. Nd4 Rac8 {may offer Black some dynamic compensation for the isolani with a
supposedly bad bishop.}) 12... c6 13. Bd3 Ne4 14. O-O Re8 15. b4 {[%csl Rb6]
[%cal Ga4c5,Gf3d2]}) 11... dxc4 12. Bxc4 c5 13. Be2 b5 14. dxc5 Qxc5 15. b4 Qe7
16. O-O Bb7 {Black has equalised completely; in fact, White's position has
somewhat lost flexibility, which explains why Aronian decides to force drawish
exchanges.} 17. a4 $11 (17. Rfd1 Rac8 18. Qb3 Bxf3 19. Bxf3 Ne5 {[%csl Gc4] is
the typical neutral course which could favour only Black.}) 17... Qxb4 18. axb5
axb5 19. Qb1 Qxb1 20. Rxb1 Bxf3 21. Bxf3 Rab8 22. Nxb5 Ne5 23. Nd4 Nxf3+ 24.
Nxf3 Rxb1 25. Rxb1 h6 26. h3 g5 27. g4 Kg7 28. Kg2 Rd7 29. Rb2 Rc7 30. Nd4 Nd5
31. Rc2 1/2-1/2

[Event "Candidates Tournament"]
[Site "London"]
[Date "2013.03.15"]
[Round "1"]
[White "Gelfand, Boris"]
[Black "Radjabov, Teimour"]
[Result "1/2-1/2"]
[WhiteElo "2740"]
[BlackElo "2793"]
[Annotator "Marin,M"]
[PlyCount "71"]
[EventDate "2013.03.15"]
[EventType "tourn"]
[EventRounds "14"]
[EventCountry "ENG"]
[EventCategory "22"]
[SourceTitle "CBM 154"]
[Source "ChessBase"]
[SourceDate "2013.05.15"]
[SourceVersion "1"]
[SourceVersionDate "2013.05.15"]
[SourceQuality "1"]

1. d4 e6 2. c4 Bb4+ 3. Nd2 Nf6 4. Ngf3 O-O ({In my article published in CBM
143 I focussed on} 4... d5 5. Qa4+ Nc6 {Eventually, I had the occasion to test
the line against a very strong opponent, see Cheparinov,I (2710)-Marin,M (2447)
Leon 2012 CBM 152 [Marin,M] (1/2, 31)}) 5. a3 Be7 6. e4 d6 $5 {A hypermodern
treatment of the position that has become fashionable recently.} (6... d5 {
is the main line.}) 7. Be2 {The most flexible and probably the best move.
Obviously, Black wants to play ...e5 followed by ...exd4, transposing to some
sort of KI or Old Indian, where the knight is not especially well placed on d2.
In principle, after the exchange in the centre, Black would like to regroup
his minor pieces according to the plan ...Nfd7, ...Bf6 and ...Nc6. We can
understand now that White is interested in provoking ...Nbd7 as a preparatory
move for ...e5; the game move is best suited for this purpose.} (7. Bd3 {
looks active, but exposes the bishop:} e5 $5 8. O-O (8. b4 exd4 9. Nxd4 Nfd7
10. Rb1 a5 11. O-O Bf6 12. Nc2 axb4 13. axb4 Nc6 14. Ne3 Nb6 15. Nd5 Nxd5 16.
cxd5 Ne5 17. Be2 c6 $11 {Rodshtein,M (2616)-Gharamian,T (2661)/Cappelle la
Grande 2013}) ({The critical line is} 8. dxe5 dxe5 9. Nxe5 {Black seems to get
some compensation in view of his better development and the weakness of the
d4-square, but only practice will tell whether this is enough. Here is a
possible line:} Ng4 10. Ndf3 Bf6 11. Nxg4 Bxg4 12. h3 Bxf3 13. Qxf3 Nc6 14. Qe3
Qe7 15. O-O Rad8 16. Rb1 Rfe8 17. b4 Ne5 18. Be2 Ng6 {This seems to more or
less work for Black, but somehow it is up to White to choose the moment when
to return the pawn while maintaining some pressure with his bishop pair.}) 8...
a5 9. b3 exd4 10. Nxd4 Re8 (10... Nfd7 11. Bb2 Bf6 12. Rb1 Nc5 13. Bc2 Nc6 $11)
11. Bb2 Bf8 12. h3 c6 13. Re1 Nbd7 14. b4 g6 15. Bf1 Bg7 16. Qc2 axb4 17. axb4
Rxa1 18. Bxa1 Qe7 19. Bc3 {Cheparinov,I (2665)-Hess,R (2572)/Moscow 2011/CBM
141 (1/2, 52)}) (7. b4 {also is an open invitation to ...e6-e5.} a5 8. b5 e5 9.
dxe5 (9. Bb2 exd4 10. Nxd4 {Bulski,K (2549)-Antoniewski,R (2557)/Czech
Republic 2012 (1/2, 23)} Nbd7 11. Be2 Nc5 12. Qc2 Re8 13. O-O Bf8 14. f3 g6
$132) 9... dxe5 10. Bb2 Nbd7 11. Nxe5 Nxe5 12. Bxe5 Bc5 13. Be2 Qe7 14. Bxf6
gxf6 (14... Qxf6 $44) 15. Qc1 f5 16. O-O fxe4 17. Nxe4 Bd4 18. Bf3 (18. Ng3
Bxa1 19. Qxa1 $44) 18... Be6 (18... Bg4 $1 $44) 19. Ra2 $16 {Georgiev,K (2666)
-Arsovic,Z (2441)/Struga 2005/CBM 108 ext (1-0, 49)}) ({In a game played just
a few days before writing these lines, I faced} 7. Qc2 {This does not seem to
be a problem, White cannot get an advantage by moving with his queen when half
of his army is undeveloped.} Nfd7 $1 (7... Nbd7 {more or less justifies
White's experiment.} 8. g3 e5 9. Bg2 exd4 10. Nxd4 Re8 11. O-O a5 12. b3 Bf8
13. Bb2 c6 14. h3 g6 15. Bc3 Bg7 16. b4 {Hamitevici,V (2415)-Campos Moreno,J 
(2484)/Khanty Mansiysk 2010/CBM 139 (0-1, 36)}) 8. b4 (8. Be2 e5 9. d5 a5 10.
b3 Nc5 11. Rb1 f5 $36 {In this line we can feel that White has not only lost a
valuable tempo with Qc2, but also exposed the queen with it.}) 8... a5 $6 {
Careless.} (8... e5 9. Bb2 exd4 10. Nxd4 Bf6 {/\...Nc6}) 9. b5 $1 {Taking the
c6-square away from the b8-knight.} ({I was relying on} 9. Bb2 axb4 10. axb4
Rxa1+ 11. Bxa1 e5 12. d5 Na6 13. Bc3 c5 $5 $132 {, which would jusitfy the
migration of my knights to the queenside.}) 9... e5 10. Bb2 exd4 11. Nxd4 {
Black has some stability on the dark squares, but will need to spend some time
to develop his knights. In the meanwhile, White will build up his kingside
attack.} Nc5 12. g3 Nbd7 13. Bg2 Nb6 14. Rd1 Bg4 15. f3 Bd7 16. O-O c6 17. bxc6
bxc6 18. f4 Qc7 19. N2f3 $14 {Erdos,V (2634)-Marin,M (2552)/Bratto 2013/ (1-0,
33)}) 7... Nbd7 (7... Nfd7 {does not seem to work out well here:} 8. b4 $1 (8.
O-O $6 e5 9. d5 a5 10. b3 Nc5 11. Bb2 f5) 8... e5 9. d5 $1 a5 10. Bb2 axb4 11.
axb4 Rxa1 12. Qxa1 $1 {An important detail: we can see that the queen is more
useful on its initial square than on c2, ensuring the stability of the wings.
For instance, the aforementioned plan does not work:} Na6 13. Bc3 c5 14. dxc6
$1 bxc6 15. c5 $1 $36) 8. b4 e5 9. Bb2 a5 10. O-O exd4 11. Nxd4 Re8 {It is
hard to give a definitive evaluation to this position. Black has no immediate
worries and disposes over a coherent plan of regrouping. However, he cannot
claim equality yet, unless he dissolves the white centre somehow. The
character of the position is similar to that from the Hedgehog lines or the ...
exd4 lines in the fianchetto KI, systematically examined for the first time at
Zurich 1953.} 12. Qc2 (12. f3 Bf8 13. Qc2 c6 14. Kh1 axb4 15. axb4 Rxa1 16.
Bxa1 Ne5 17. Rd1 g6 18. Bf1 Bg7 19. N2b3 $14 {Rodshtein,M (2609)-Tomashevsky,E
(2708)/Biel 2010/CBM 138/[Krasenkow] (1/2, 60)}) 12... Bf8 13. N4b3 $6 $146 {
In one of his famous comments in the equally famous book on the Zurich 53
Candidates tournament, Bronstein underlines the fact that retreating with the
d4-knight usually offers Black counterplay. Boris surely knew that, since he
has huge experience with both colours in the KI, but for some reason he lets
himself be decoyed on to the wrong track.} (13. Nf5 g6 14. Ne3 Bg7 15. Bc3 c6
16. Rad1 (16. bxa5 Nc5 17. f3 Nh5 $17) 16... Qe7 17. Rfe1 axb4 18. axb4 Qf8 19.
Bf1 b6 20. f3 Bb7 21. Qb2 Ra7 22. c5 dxc5 23. bxc5 bxc5 24. Ndc4 $14 {Potkin,V
(2626)-Tomashevsky,E (2708)/Irkutsk 2010/CBM 138 (1/2, 36)}) 13... axb4 14.
axb4 Rxa1 15. Rxa1 c6 {Suddenly, it is not easy to prevent ...d5.} 16. Bf1 (16.
Bc3 d5 {[%csl Ge2]}) ({The only way to maintain the stability in the centre
would be} 16. Nd4 {, but this would mean throwing away two tempi. Play would
continue} g6 (16... d5 $6 17. exd5 Bxb4 18. dxc6 $16) 17. Bf1 Bg7 {I cannot
claim that Black has equalised, but he must have better chances to do it in
the near future; time is important in chess!}) 16... d5 17. exd5 Bxb4 (17...
cxd5 $2 18. c5 $16) 18. dxc6 bxc6 $11 {The position has become equal and dull.
Black has no problems whatsoever.} 19. Nd4 Qc7 20. N2f3 Bf8 21. g3 Bb7 22. Bg2
Qb6 23. Re1 Rxe1+ 24. Nxe1 c5 25. Nb5 Bc6 26. Qe2 Qb7 27. Bxf6 Nxf6 28. Bxc6
Qxc6 29. Ng2 g6 30. Nc3 h5 31. Nf4 Qe8 32. Kf1 Qxe2+ 33. Kxe2 Nd7 34. Nd3 Nb6
35. Ne4 Nxc4 36. Nexc5 1/2-1/2

[Event "Candidates Tournament"]
[Site "London"]
[Date "2013.03.15"]
[Round "1"]
[White "Ivanchuk, Vassily"]
[Black "Grischuk, Alexander"]
[Result "1/2-1/2"]
[WhiteElo "2757"]
[BlackElo "2764"]
[PlyCount "88"]
[EventDate "2013.03.15"]
[EventType "tourn"]
[EventRounds "14"]
[EventCountry "ENG"]
[EventCategory "22"]
[SourceTitle "CBM 154"]
[Source "ChessBase"]
[SourceDate "2013.05.15"]
[SourceVersion "1"]
[SourceVersionDate "2013.05.15"]
[SourceQuality "1"]

1. Nf3 d5 2. d4 Nf6 3. c4 e6 4. g3 Be7 5. Bg2 O-O 6. O-O dxc4 7. Qc2 a6 8. Qxc4
b5 9. Qc2 Bb7 10. Bg5 Nbd7 11. Bxf6 Nxf6 12. Nbd2 Rc8 13. Nb3 Be4 14. Qc3 Nd5
15. Qd2 c5 16. Nxc5 Bxc5 17. dxc5 Rxc5 18. Rfc1 Rxc1+ 19. Rxc1 Qa8 20. Bf1 $146
{A far from impressive novelty.} (20. Qd4 {is usually played}) 20... Bxf3 21.
exf3 Rc8 22. h4 h5 23. Bd3 Rxc1+ 24. Qxc1 Qd8 25. a3 g6 26. Be4 Qf6 27. Qd2 Kg7
28. f4 Nb6 29. b3 Nd5 30. Kg2 Qa1 31. Bxd5 exd5 32. Qxd5 Qxa3 33. Qe5+ Kg8 34.
Qe8+ Qf8 35. Qc6 Qb4 36. f5 Qxb3 37. fxg6 Qe6 38. gxf7+ Kxf7 39. Qb7+ Kg6 40.
Kf3 Qf7+ 41. Qxf7+ Kxf7 42. Ke4 a5 43. f3 a4 44. Kd3 a3 1/2-1/2